English phonetics and phonology: A practical course

Đã lưu trong:
书目详细资料
主要作者: Roach, Peter
格式: 图书
语言:Undetermined
出版: Cambridge Cambridge University Press 1983
主题:
标签: 添加标签
没有标签, 成为第一个标记此记录!
Thư viện lưu trữ: Trung tâm Học liệu Trường Đại học Cần Thơ
LEADER 00575nam a2200205Ia 4500
001 CTU_120762
008 210402s9999 xx 000 0 und d
082 |a 428.34 
082 |b R628/Cas.1 
100 |a Roach, Peter 
245 0 |a English phonetics and phonology: 
245 2 |b A practical course 
245 0 |c Peter Roach 
260 |a Cambridge 
260 |b Cambridge University Press 
260 |c 1983 
650 |a English language,English language 
650 |x Phonetics,Phonology 
904 |i M.Loan 
980 |a Trung tâm Học liệu Trường Đại học Cần Thơ